El Concilio de Trento en su última etapa (Record no. 84560)

MARC details
000 -LEADER
campo de control de longitud fija 00637nam a2200193 i 4500
001 - NÚMERO DE CONTROL
campo de control 84560
003 - IDENTIFICADOR DE NÚMERO DE CONTROL
campo de control ES-MaACL
005 - FECHA Y HORA DE LA ÚLTIMA TRANSACCIÓN
campo de control 20250603152407.0
007 - CAMPO FIJO DE DESCRIPCIÓN FÍSICA--INFORMACIÓN GENERAL
campo de control de longitud fija t|
008 - DATOS DE LONGITUD FIJA--INFORMACIÓN GENERAL
campo de control de longitud fija 041123s1965 sp ||||1| spa d
100 1# - ENTRADA PRINCIPAL--NOMBRE DE PERSONA
Nombre de persona Jedin, Hubert.
9 (RLIN) 66260
245 13 - MENCIÓN DEL TÍTULO
Título El Concilio de Trento en su última etapa
Resto del título : crisis y conclusión /
Mención de responsabilidad, etc. Hubert Jedin ; [versión castellana de Jaime Arbona Maylín].
260 ## - PUBLICACIÓN, DISTRIBUCIÓN, ETC.
Lugar de publicación, distribución, etc. Barcelona :
Nombre del editor, distribuidor, etc. Herder,
Fecha de publicación, distribución, etc. 1965.
300 ## - DESCRIPCIÓN FÍSICA
Extensión 175 p. ;
Dimensiones 19 cm.
611 27 - PUNTO DE ACCESO ADICIONAL DE MATERIA--NOMBRE DE REUNIÓN/CONGRESO
Nombre de congreso/reunión o jurisdicción como elemento de entrada Concilio de Trento
Fecha del congreso o de la firma del tratado (1545-1563)
Fuente del encabezamiento o término
9 (RLIN) 135069
700 1# - ENTRADA AGREGADA--NOMBRE PERSONAL
Nombre de persona Arbona Maylín, Jaime.
9 (RLIN) 22415
852 ## - LOCALIZACIÓN
Ubicación ES-MaACL
Número de control de estantería C-28897
Sublocalización o colección R.58419
Holdings
Estatus retirado Estado de pérdida Estado de daño No para préstamo Biblioteca de origen Biblioteca actual Ubicación en estantería Fecha de adquisición Fuente de adquisición Total de préstamos Signatura topográfica completa Código de barras Visto por última vez Precio de reemplazo Tipo de ítem Koha
        Biblioteca del Ateneo de Madrid Biblioteca del Ateneo de Madrid Depósito 2 17/01/2008     C-28897 1088368 23/02/2023 23/02/2023 Libro impreso